[Event "Asuncion CIT op"]
[Site "Asuncion"]
[Date "2023.08.13"]
[Round "2"]
[White "Jodorcovsky, Paulo Leonardo"]
[Black "Do Valle Cardoso, Lucas"]
[Result "0-1"]
[WhiteElo "1800"]
[BlackElo "2282"]
[PlyCount "68"]
[EventDate "2023.08.12"]
[EventType "swiss"]
[EventRounds "9"]
[EventCountry "PAR"]
[SourceTitle "CBM 215 Extra"]
[Source "ChessBase"]
[SourceDate "2023.09.30"]
[SourceVersion "1"]
[SourceVersionDate "2023.09.30"]
[SourceQuality "1"]

1. d4 d5 2. c4 dxc4 3. Nf3 Nf6 4. e3 b5 5. a4 b4 6. Nbd2 e6 7. Nxc4 Be7 8. Nce5 0-0 9. Qc2 Bb7 10. Bd2 Nbd7 11. Nc6 Bxc6 12. Qxc6 Bd6 13. Bb5 Qe7 14. 0-0 e5 15. Nh4 g6 16. f4 exd4 17. exd4 Ne4 18. Rae1 Qxh4 19. Qxe4 Nf6 20. Qf3 Rad8 21. g3 Qh3 22. a5 Bc5 23. dxc5 Rxd2 24. Rf2 Rfd8 25. Bf1 Qf5 26. Re5 Qc2 27. Be2 Qxb2 28. Re7 Qc1+ 29. Kg2 Qxc5 30. Re5 Qd4 31. Re7 Nd5 32. Re4 Qc3 33. Bc4 Nf6 34. Qxc3 Rxf2+ 0-1

[Event "Ita op 1st"]
[Site "Ita"]
[Date "2022.02.12"]
[Round "3"]
[White "Salinas Barrios, Miguel"]
[Black "Jodorcovsky, Paulo Leonardo"]
[Result "1-0"]
[WhiteElo "1608"]
[BlackElo "1798"]
[PlyCount "115"]
[EventDate "2022.02.11"]
[EventType "swiss"]
[EventRounds "7"]
[EventCountry "PAR"]
[SourceTitle "EXT 2023"]
[Source "ChessBase"]
[SourceDate "2022.10.05"]
[SourceVersion "1"]
[SourceVersionDate "2022.10.05"]
[SourceQuality "1"]

1. e4 c5 2. Nf3 Nc6 3. Bb5 g6 4. 0-0 Bg7 5. Bxc6 dxc6 6. d3 Nf6 7. Nc3 0-0 8. Be3 b6 9. h3 Ne8 10. Qd2 e5 11. Bh6 f6 12. Bxg7 Nxg7 13. Ne2 g5 14. Kh2 Qe8 15. Ng3 h5 16. Rh1 h4 17. Nf1 Qh5 18. Ne3 a5 19. Kg1 Ra7 20. Qc3 Be6 21. Nh2 Qg6 22. Nhg4 Nh5 23. Kh2 Nf4 24. Rae1 Kh8 25. g3 hxg3+ 26. fxg3 Rh7 27. Kg1 Nxh3+ 28. Kg2 Nf4+ 29. Kf2 Nh5 30. Reg1 Kg8 31. Ke1 Ng7 32. Kd2 Nh5 33. Rh3 Qf7 34. Rgh1 Qd7 35. Nxe5 Qe8 36. N5g4 Qc8 37. Rxh5 Rxh5 38. Nxf6+ Rxf6 39. Rxh5 Qf8 40. Rxg5+ Kh7 41. Qe5 b5 42. Nf5 Bxf5 43. Rxf5 Qh6+ 44. Kc3 Qe3 45. Qxc5 Qe1+ 46. Kb3 Rxf5 47. Qxf5+ Kg7 48. Qe5+ Kh7 49. Qc7+ Kg8 50. a3 b4 51. Qxc6 bxa3 52. Qc4+ Kh7 53. Kxa3 Qa1+ 54. Kb3 Qe1 55. g4 Qe3 56. Qc7+ Kg8 57. Qxa5 Qf4 58. Qd5+ 1-0

[Event "PAR-ch sf"]
[Site "Asuncion"]
[Date "2021.11.13"]
[Round "3"]
[White "Jodorcovsky, Paulo Leonardo"]
[Black "Benitez Galeano, Alejandro"]
[Result "1/2-1/2"]
[WhiteElo "1788"]
[BlackElo "2201"]
[PlyCount "183"]
[EventDate "2021.11.12"]
[EventType "swiss"]
[EventRounds "9"]
[EventCountry "PAR"]
[SourceTitle "EXT 2023"]
[Source "ChessBase"]
[SourceDate "2022.10.05"]
[SourceVersion "1"]
[SourceVersionDate "2022.10.05"]
[SourceQuality "1"]

1. d4 d6 2. Nf3 Nd7 3. c4 e5 4. d5 g6 5. Nc3 f5 6. h4 Ndf6 7. e4 Nxe4 8. Nxe4 fxe4 9. Ng5 Nf6 10. h5 gxh5 11. Nxe4 Bf5 12. Nxf6+ Qxf6 13. Qxh5+ Bg6 14. Qg5 Bg7 15. Qxf6 Bxf6 16. Be3 e4 17. Rb1 Bf5 18. Be2 Rg8 19. g3 b6 20. Kd2 Ke7 21. b3 Raf8 22. Rbg1 Rg7 23. g4 Rfg8 24. Rg3 Bg6 25. Rgh3 Rf7 26. g5 Be5 27. Bh5 Bg7 28. Bxg6 hxg6 29. Rh4 Kd7 30. Rxe4 c6 31. dxc6+ Kxc6 32. Kd3 Bb2 33. Rh6 Kd7 34. Kc2 Ba3 35. Kd3 Rgg7 36. Bd4 Rg8 37. Bf6 Kc6 38. Re6 Bc5 39. Re2 b5 40. cxb5+ Kxb5 41. Rh4 a5 42. f4 Rc7 43. Re6 Bb4 44. Re7 Rc1 45. a4+ Kc6 46. Rhh7 Kd5 47. Rh8 Rxh8 48. Bxh8 Rb1 49. f5 gxf5 50. g6 Rxb3+ 51. Kc2 Rg3 52. g7 Rg2+ 53. Kd3 f4 54. Re2 Rg3+ 55. Kc2 f3 56. Re8 f2 57. Rf8 Bc3 58. Rf5+ Ke4 59. Rxf2 Bxg7 60. Bxg7 Rxg7 61. Rh2 d5 62. Rh4+ Ke3 63. Rh3+ Kd4 64. Rh4+ Kc5 65. Kd3 Rg3+ 66. Kc2 Ra3 67. Kb2 Re3 68. Rh8 Kc4 69. Rc8+ Kb4 70. Rd8 Re2+ 71. Kc1 Re5 72. Rb8+ Kxa4 73. Kd2 Re4 74. Rd8 Rd4+ 75. Kc3 Rc4+ 76. Kd3 Rc1 77. Ke3 Kb3 78. Rxd5 a4 79. Kd2 Rc8 80. Rb5+ Ka2 81. Kd3 a3 82. Rb7 Ka1 83. Kd2 Rc5 84. Kd1 a2 85. Rb8 Rd5+ 86. Kc2 Rc5+ 87. Kd1 Rh5 88. Kc1 Rh1+ 89. Kc2 Rb1 90. Rc8 Rb2+ 91. Kc1 Rb7 92. Kc2 1/2-1/2

[Event "World Cup U18 Prel"]
[Site "Tornelo INT"]
[Date "2021.08.18"]
[Round "6"]
[White "Finlay, Kendry"]
[Black "Jodorcovsky, Paulo Leonardo"]
[Result "0-1"]
[WhiteElo "1379"]
[BlackElo "1824"]
[PlyCount "41"]
[EventDate "2021.08.16"]
[EventType "swiss (rapid)"]
[EventRounds "10"]
[EventCountry "NET"]
[SourceTitle "CBM 203 Extra"]
[Source "ChessBase"]
[SourceDate "2021.09.30"]
[SourceVersion "1"]
[SourceVersionDate "2021.09.30"]
[SourceQuality "1"]

1. e4 c5 2. c3 d5 3. exd5 Qxd5 4. d4 Nc6 5. Nf3 Bg4 6. Be2 cxd4 7. cxd4 e6 8. Nc3 Qa5 9. h3 Bh5 10. 0-0 Nf6 11. Qd3 Be7 12. Bf4 0-0 13. Rac1 Rfd8 14. Rfd1 Bxf3 15. Bxf3 Rxd4 16. Qe3 Bc5 17. Rxd4 Bxd4 18. Qd3 Rd8 19. Qc2 Nb4 20. Qb3 Nd3 21. Rf1 0-1

[Event "PAR-ch sf"]
[Site "Asuncion"]
[Date "2020.03.07"]
[Round "3"]
[White "Zarza, Ronald"]
[Black "Jodorcovsky, Paulo Leonardo"]
[Result "1/2-1/2"]
[WhiteElo "2061"]
[BlackElo "1796"]
[PlyCount "43"]
[EventDate "2020.03.06"]
[EventType "swiss"]
[EventRounds "7"]
[EventCountry "PAR"]
[SourceTitle "CBM 195 Extra"]
[Source "ChessBase"]
[SourceDate "2020.05.31"]
[SourceVersion "1"]
[SourceVersionDate "2020.05.31"]
[SourceQuality "1"]

1. e4 c5 2. Nf3 Nc6 3. d4 cxd4 4. Nxd4 Nf6 5. Nc3 e5 6. Ndb5 d6 7. Bg5 a6 8. Na3 b5 9. Bxf6 gxf6 10. Nd5 Bg7 11. Bd3 Ne7 12. Nxe7 Qxe7 13. c4 f5 14. 0-0 0-0 15. Qh5 d5 16. cxd5 Qd8 17. exf5 Qxd5 18. f6 Qxd3 19. fxg7 Re8 20. Rad1 Qg6 21. Qxg6 hxg6 22. Nc2 1/2-1/2

[Event "South America-ch U16 16th"]
[Site "Buenos Aires"]
[Date "2019.12.03"]
[Round "4.10"]
[White "Tomiello, Mateus Costamilan"]
[Black "Jodorcovsky, Paulo Leonardo"]
[Result "1-0"]
[WhiteElo "1955"]
[BlackElo "1818"]
[PlyCount "97"]
[EventDate "2019.12.01"]
[EventType "swiss"]
[EventRounds "9"]
[EventCountry "ARG"]
[SourceTitle "EXT 2024"]
[Source "ChessBase"]
[SourceDate "2023.10.10"]
[SourceVersion "1"]
[SourceVersionDate "2023.10.10"]
[SourceQuality "1"]

1. e4 c5 2. Nf3 Nc6 3. d4 cxd4 4. Nxd4 Nf6 5. Nc3 e5 6. Ndb5 d6 7. Bg5 a6 8. Na3 b5 9. Nd5 Be7 10. Bxf6 Bxf6 11. c4 b4 12. Nc2 0-0 13. g3 Bg5 14. Bg2 Qa5 15. 0-0 Qc5 16. b3 a5 17. Qd3 Ra7 18. Nde3 Bxe3 19. Nxe3 Nd4 20. Rad1 Be6 21. Nc2 Nxc2 22. Qxc2 Rd8 23. Rd3 a4 24. Qd2 axb3 25. axb3 Ra3 26. Rd1 Ra6 27. h4 f6 28. Kh2 Kf7 29. Bh3 Qa7 30. Bxe6+ Kxe6 31. Rd5 Ra2 32. Rxd6+ Ke7 33. Rxd8 Rxd2 34. R1xd2 Qa3 35. R2d7+ Ke6 36. c5 Qc1 37. Rd6+ Kf7 38. c6 Qc2 39. Kg1 Qxe4 40. c7 Qe1+ 41. Kg2 Qe4+ 42. Kf1 Qh1+ 43. Ke2 e4 44. c8Q Qf3+ 45. Ke1 Qh1+ 46. Kd2 e3+ 47. Ke2 exf2 48. Qc4+ Kg6 49. Qg4+ 1-0

[Event "Pan American-ch School U17"]
[Site "Medellin"]
[Date "2019.11.17"]
[Round "9"]
[White "Viscaino Yanez, Jhonny Cesar"]
[Black "Jodorcovsky, Paulo Leonardo"]
[Result "1/2-1/2"]
[WhiteElo "1741"]
[BlackElo "1843"]
[PlyCount "58"]
[EventDate "2019.11.12"]
[EventType "swiss"]
[EventRounds "9"]
[EventCountry "COL"]
[SourceTitle "CBM 193 Extra"]
[Source "ChessBase"]
[SourceDate "2020.01.31"]
[SourceVersion "1"]
[SourceVersionDate "2020.01.31"]
[SourceQuality "1"]

1. e4 c5 2. Nf3 Nc6 3. d4 cxd4 4. Nxd4 Nf6 5. Nc3 e5 6. Ndb5 d6 7. Bg5 a6 8. Bxf6 gxf6 9. Na3 b5 10. Nd5 Bg7 11. Qh5 Ne7 12. Bd3 f5 13. Qg5 Nxd5 14. Qxg7 Qf6 15. Qxf6 Nxf6 16. f3 fxe4 17. fxe4 Bb7 18. c4 b4 19. Nc2 a5 20. 0-0-0 Rg8 21. g3 Nxe4 22. Rhe1 Ng5 23. c5 Nf3 24. Bb5+ Kf8 25. c6 Ba6 26. Bxa6 Rxa6 27. Re3 Nd4 28. Nxd4 exd4 29. Rxd4 Rxc6+ 1/2-1/2

[Event "Pan American-ch School U17"]
[Site "Medellin"]
[Date "2019.11.15"]
[Round "6"]
[White "Jodorcovsky, Paulo Leonardo"]
[Black "Cajan Polo, Juan Alberto Segund"]
[Result "1-0"]
[WhiteElo "1843"]
[BlackElo "1734"]
[PlyCount "137"]
[EventDate "2019.11.12"]
[EventType "swiss"]
[EventRounds "9"]
[EventCountry "COL"]
[SourceTitle "CBM 193 Extra"]
[Source "ChessBase"]
[SourceDate "2020.01.31"]
[SourceVersion "1"]
[SourceVersionDate "2020.01.31"]
[SourceQuality "1"]

1. d4 d5 2. c4 e6 3. Nc3 Bb4 4. e3 Nf6 5. Nge2 dxc4 6. a3 Ba5 7. Qa4+ c6 8. Qxc4 0-0 9. Ng3 Nbd7 10. Bd3 e5 11. 0-0 exd4 12. Qxd4 Bc7 13. Rd1 Ne5 14. Bc2 Be6 15. Qh4 Qc8 16. Nce4 Nxe4 17. Qxe4 g6 18. Bd2 Bd5 19. Qh4 Bd8 20. Qh6 Bf6 21. Nh5 Bh8 22. h3 f5 23. Nf4 Bg7 24. Qh4 Bf7 25. Bc3 Qc7 26. Nd3 Nxd3 27. Bxg7 Kxg7 28. Rxd3 Rad8 29. Rad1 Rxd3 30. Rxd3 Re8 31. Qd4+ Kg8 32. Qxa7 f4 33. Qd4 fxe3 34. Rxe3 Rxe3 35. Qxe3 Qd7 36. Bb3 Qf5 37. Qe8+ Kg7 38. Qxf7+ Qxf7 39. Bxf7 Kxf7 40. f4 Ke6 41. g4 Kd5 42. Kf2 Ke4 43. Kg3 b5 44. b4 h6 45. h4 h5 46. g5 Ke3 47. f5 gxf5 48. g6 f4+ 49. Kh2 f3 50. g7 f2 51. g8Q f1Q 52. Qe6+ Kf2 53. Qf6+ Ke2 54. Qxf1+ Kxf1 55. Kg3 Ke2 56. Kf4 Kd3 57. Kg5 Kc2 58. Kxh5 Kb3 59. Kg4 Kxa3 60. h5 Kxb4 61. h6 c5 62. h7 c4 63. h8Q c3 64. Qh1 Kc4 65. Qc6+ Kd3 66. Qxb5+ Kd2 67. Qb4 Kd3 68. Kf3 c2 69. Qe1 1-0

[Event "Pan American-ch School U17"]
[Site "Medellin"]
[Date "2019.11.14"]
[Round "5"]
[White "Alvarez Angel, Nelson Eduardo"]
[Black "Jodorcovsky, Paulo Leonardo"]
[Result "1-0"]
[WhiteElo "1996"]
[BlackElo "1843"]
[PlyCount "81"]
[EventDate "2019.11.12"]
[EventType "swiss"]
[EventRounds "9"]
[EventCountry "COL"]
[SourceTitle "CBM 193 Extra"]
[Source "ChessBase"]
[SourceDate "2020.01.31"]
[SourceVersion "1"]
[SourceVersionDate "2020.01.31"]
[SourceQuality "1"]

1. d4 d5 2. c4 e6 3. Nc3 Nf6 4. cxd5 exd5 5. Bg5 Be7 6. e3 c6 7. Bd3 Nbd7 8. Nge2 0-0 9. Qc2 Re8 10. 0-0 Nf8 11. Rae1 Be6 12. f3 Rc8 13. Bh4 a6 14. Kh1 c5 15. Bf2 g6 16. Qd2 Qa5 17. a3 Red8 18. dxc5 Qxc5 19. Nd4 Qc7 20. Bg1 Bd6 21. f4 Bxa3 22. f5 gxf5 23. Bxf5 Be7 24. Bxe6 fxe6 25. e4 Nxe4 26. Nxe4 dxe4 27. Rxe4 e5 28. Qe2 Bd6 29. Nf5 Rd7 30. Nxd6 Qxd6 31. Rxe5 Rg7 32. Ref5 Ng6 33. Bc5 Qc6 34. Bd4 Nh4 35. Bxg7 Nxf5 36. Bc3 Re8 37. Qg4+ Qg6 38. Qxf5 Qxf5 39. Rxf5 Rd8 40. h4 Rd7 41. h5 1-0

[Event "Pan American-ch School U17"]
[Site "Medellin"]
[Date "2019.11.13"]
[Round "3"]
[White "Salazar Gould, Melannie"]
[Black "Jodorcovsky, Paulo Leonardo"]
[Result "1-0"]
[WhiteElo "1906"]
[BlackElo "1843"]
[PlyCount "51"]
[EventDate "2019.11.12"]
[EventType "swiss"]
[EventRounds "9"]
[EventCountry "COL"]
[SourceTitle "CBM 193 Extra"]
[Source "ChessBase"]
[SourceDate "2020.01.31"]
[SourceVersion "1"]
[SourceVersionDate "2020.01.31"]
[SourceQuality "1"]

1. e4 c5 2. Nf3 Nc6 3. d4 cxd4 4. Nxd4 Nf6 5. Nc3 e5 6. Ndb5 d6 7. Bg5 a6 8. Na3 b5 9. Nd5 Be7 10. Bxf6 Bxf6 11. c4 b4 12. Nc2 0-0 13. g3 Bg5 14. Bg2 a5 15. 0-0 g6 16. Qd3 Bh6 17. Rad1 Ra7 18. f4 Bg4 19. Rd2 f5 20. Nde3 Rff7 21. exf5 Qb6 22. fxg6 Rfc7 23. gxh7+ Kg7 24. Kh1 Bc8 25. Qxd6 Rd7 26. Qxh6+ 1-0

[Event "PAR-ch sf"]
[Site "Asuncion"]
[Date "2019.09.10"]
[Round "7"]
[White "Melian, Juan Sebastian"]
[Black "Jodorcovsky, Paulo Leonardo"]
[Result "1-0"]
[WhiteElo "1755"]
[BlackElo "1851"]
[PlyCount "103"]
[EventDate "2019.09.06"]
[EventType "swiss"]
[EventRounds "9"]
[EventCountry "PAR"]
[SourceTitle "EXT 2020"]
[Source "ChessBase"]
[SourceDate "2019.10.17"]
[SourceVersion "1"]
[SourceVersionDate "2019.10.17"]
[SourceQuality "1"]

1. d4 d5 2. Nf3 Nf6 3. Bg5 Ne4 4. Bf4 c5 5. e3 Qb6 6. Qc1 Nc6 7. c3 Bf5 8. Nbd2 Rc8 9. Nxe4 Bxe4 10. Qd2 c4 11. Ng5 Bg6 12. Be2 e6 13. 0-0 Be7 14. Nh3 Qd8 15. Bg3 b5 16. Nf4 Bf5 17. f3 0-0 18. Bf2 h6 19. Nh5 Bg5 20. Ng3 Bh7 21. Rfe1 a5 22. f4 Be7 23. Bf3 f5 24. Ne2 Nb8 25. h3 Na6 26. Kh2 Nc7 27. Rg1 Ne8 28. g4 Nd6 29. Ng3 Ne4 30. Bxe4 fxe4 31. Rg2 b4 32. Rag1 Rf7 33. Qe2 g5 34. fxg5 Bxg5 35. Nh5 Rf3 36. Nf4 Qf6 37. Bg3 Rf8 38. Nh5 Qe7 39. Nf4 Rf7 40. Rf2 Rxf2+ 41. Qxf2 e5 42. dxe5 Qxe5 43. Qd2 bxc3 44. bxc3 Bxf4 45. Bxf4 Qe6 46. Rd1 Rd7 47. Rb1 Qa6 48. Qd4 Qa7 49. Rb8+ Kf7 50. Qh8 Ke6 51. Re8+ Re7 52. Qxh7 1-0

[Event "PAR-ch sf"]
[Site "Asuncion"]
[Date "2019.09.07"]
[Round "3"]
[White "Benitez Galeano, Alejandro"]
[Black "Jodorcovsky, Paulo Leonardo"]
[Result "1-0"]
[WhiteElo "2113"]
[BlackElo "1851"]
[PlyCount "77"]
[EventDate "2019.09.06"]
[EventType "swiss"]
[EventRounds "9"]
[EventCountry "PAR"]
[SourceTitle "EXT 2020"]
[Source "ChessBase"]
[SourceDate "2019.10.17"]
[SourceVersion "1"]
[SourceVersionDate "2019.10.17"]
[SourceQuality "1"]

1. Nf3 d5 2. c4 c6 3. g3 Nf6 4. Bg2 Bf5 5. 0-0 e6 6. cxd5 exd5 7. d3 Be7 8. Qb3 Qb6 9. Qc2 h6 10. Nc3 0-0 11. e4 Bh7 12. Be3 Qa6 13. h3 Nbd7 14. Rad1 Nc5 15. Nd4 Rad8 16. Rfe1 Rfe8 17. b4 Ne6 18. Qb3 Bxb4 19. Nxe6 Bxc3 20. Nc5 Qa5 21. Nxb7 Qc7 22. Nxd8 Bxe1 23. Nxc6 Qxc6 24. exd5 Qc3 25. Qb1 Qa3 26. Rxe1 Bxd3 27. Qb3 Qa6 28. Rc1 Rd8 29. Rc7 Qa5 30. Rxa7 Qe1+ 31. Kh2 Qe2 32. Qb6 Re8 33. d6 Re5 34. Qd8+ Kh7 35. Rxf7 Nh5 36. Qh4 Rxe3 37. fxe3 Bc4 38. Rf5 Qc2 39. Rxh5 1-0

[Event "PAR-ch sf"]
[Site "Asuncion"]
[Date "2019.09.07"]
[Round "2"]
[White "Jodorcovsky, Paulo Leonardo"]
[Black "Pereira, Sergio1111"]
[Result "1-0"]
[WhiteElo "1851"]
[BlackElo "2098"]
[PlyCount "93"]
[EventDate "2019.09.06"]
[EventType "swiss"]
[EventRounds "9"]
[EventCountry "PAR"]
[SourceTitle "EXT 2020"]
[Source "ChessBase"]
[SourceDate "2019.10.17"]
[SourceVersion "1"]
[SourceVersionDate "2019.10.17"]
[SourceQuality "1"]

1. d4 Nf6 2. c4 c5 3. d5 b5 4. cxb5 a6 5. bxa6 g6 6. Nc3 Bg7 7. g3 0-0 8. Bg2 d6 9. Nf3 Nbd7 10. 0-0 Nb6 11. Rb1 Bxa6 12. b3 Ra7 13. Bb2 Qa8 14. Nh4 Bb7 15. e4 Ba6 16. Re1 Nfd7 17. f4 Rd8 18. Nf3 Nf6 19. Qc2 Qc8 20. Rbd1 Bb7 21. a4 Qb8 22. Kh1 Ba6 23. Ng5 Ng4 24. h3 Nf6 25. e5 dxe5 26. fxe5 Nh5 27. Qf2 f6 28. Ne6 fxe5 29. Nxd8 Qxd8 30. Ne4 Nd7 31. b4 Bc4 32. Qc2 Ba2 33. Ba1 Ndf6 34. Nxf6+ Bxf6 35. Qxa2 Nxg3+ 36. Kh2 Nf5 37. bxc5 Kf8 38. Bxe5 Bxe5+ 39. Rxe5 Qb8 40. d6 exd6 41. cxd6 Ra6 42. Qe6 Kg7 43. Rxf5 gxf5 44. Qe7+ Kg6 45. Rd3 Kh5 46. Rg3 Qxd6 47. Qg5# 1-0

[Event "Pan American-ch U16"]
[Site "Guayaquil"]
[Date "2019.07.25"]
[Round "7"]
[White "Jodorcovsky, Paulo Leonardo"]
[Black "Tomiello, Lucas Costamilan"]
[Result "0-1"]
[WhiteElo "1796"]
[BlackElo "2133"]
[PlyCount "134"]
[EventDate "2019.07.21"]
[EventType "swiss"]
[EventRounds "9"]
[EventCountry "ECU"]
[SourceTitle "EXT 2020"]
[Source "ChessBase"]
[SourceDate "2019.10.17"]
[SourceVersion "1"]
[SourceVersionDate "2019.10.17"]
[SourceQuality "1"]

1. d4 Nf6 2. c4 g6 3. Nc3 Bg7 4. e4 0-0 5. f4 d6 6. Nf3 Bg4 7. Be2 Nfd7 8. 0-0 Nc6 9. Be3 Bxf3 10. Bxf3 e5 11. dxe5 dxe5 12. f5 Nd4 13. Qd2 c6 14. Bg4 Qc7 15. Rad1 Rad8 16. Qf2 Qb6 17. Kh1 Qb4 18. Ne2 Qxb2 19. Rd2 Qa3 20. Nxd4 exd4 21. Bxd4 Ne5 22. Be2 Qa5 23. Rfd1 c5 24. Bc3 Nd3 25. Rxd3 Bxc3 26. Qf4 Rxd3 27. Rxd3 Qxa2 28. Rxc3 Qxe2 29. Rf3 f6 30. fxg6 hxg6 31. h3 Kg7 32. Qc7+ Rf7 33. Qxc5 Qxe4 34. Qxa7 Qxc4 35. Qb6 Qc6 36. Qb1 Rc7 37. Qd3 Rd7 38. Qb3 Qd5 39. Qc3 Qd1+ 40. Kh2 Qd6+ 41. Kg1 b5 42. Qb3 Qd1+ 43. Qxd1 Rxd1+ 44. Kf2 Rd2+ 45. Kf1 Kf7 46. Rc3 Ke6 47. Rc6+ Rd6 48. Rc3 b4 49. Rb3 Rd4 50. Ke2 Kd5 51. Ke3 f5 52. Rb2 f4+ 53. Ke2 g5 54. Rb1 Ke4 55. Rb3 Kd5 56. Rb1 Kc4 57. Rc1+ Kb3 58. Rc5 Ka2 59. Ra5+ Kb1 60. Rxg5 b3 61. h4 b2 62. h5 Kc2 63. Rb5 b1Q 64. Rxb1 Kxb1 65. Kf3 Kc2 66. Kg4 Kd3 67. h6 Ke3 0-1

[Event "Pan American-ch U16"]
[Site "Guayaquil"]
[Date "2019.07.24"]
[Round "6"]
[White "Wong Pages, Juan Diego"]
[Black "Jodorcovsky, Paulo Leonardo"]
[Result "1/2-1/2"]
[WhiteElo "1739"]
[BlackElo "1796"]
[PlyCount "62"]
[EventDate "2019.07.21"]
[EventType "swiss"]
[EventRounds "9"]
[EventCountry "ECU"]
[SourceTitle "EXT 2020"]
[Source "ChessBase"]
[SourceDate "2019.10.17"]
[SourceVersion "1"]
[SourceVersionDate "2019.10.17"]
[SourceQuality "1"]

1. e4 c5 2. Nf3 Nc6 3. d4 cxd4 4. Nxd4 Nf6 5. Nc3 e5 6. Ndb5 d6 7. Bg5 a6 8. Na3 b5 9. Nd5 Be7 10. Bxf6 Bxf6 11. c3 0-0 12. Nc2 Bg5 13. a4 bxa4 14. Rxa4 a5 15. Bc4 Rb8 16. b3 Kh8 17. 0-0 f5 18. exf5 Bxf5 19. Nce3 Be6 20. Qd3 Rb7 21. b4 axb4 22. Nxb4 Nxb4 23. cxb4 Bxe3 24. Bxe6 Bd4 25. Bd5 Rc7 26. Ra8 Rc8 27. Rxc8 Qxc8 28. b5 Qc5 29. Qc4 g6 30. Qxc5 Bxc5 31. g3 Rb8 1/2-1/2

[Event "PAR-ch U16"]
[Site "Asuncion"]
[Date "2019.02.04"]
[Round "1"]
[White "Cantero Acuna, Liz Fabiana"]
[Black "Jodorcovsky, Paulo Leonardo"]
[Result "0-1"]
[WhiteElo "1153"]
[BlackElo "1806"]
[PlyCount "58"]
[EventDate "2019.02.04"]
[EventType "swiss"]
[EventRounds "9"]
[EventCountry "PAR"]
[SourceTitle "CBM 189 Extra"]
[Source "ChessBase"]
[SourceDate "2019.06.03"]
[SourceVersion "1"]
[SourceVersionDate "2019.06.03"]
[SourceQuality "1"]

1. d4 d5 2. Nf3 Nf6 3. g3 Bf5 4. Bg2 e6 5. Bg5 Be7 6. 0-0 h6 7. Bxf6 Bxf6 8. e3 0-0 9. Nc3 Nd7 10. Re1 c5 11. Ne2 Qb6 12. Rb1 Rac8 13. dxc5 Qxc5 14. Nc3 Bxc3 15. bxc3 b6 16. Rb3 Qa5 17. Qd2 Nc5 18. Rb4 Ne4 19. Qd4 Nxc3 20. Bf1 Be4 21. Nd2 e5 22. Nb3 Qa3 23. Qxe5 Qxb4 24. Nd4 Nxa2 25. Ra1 Qb2 26. Re1 Rxc2 27. Qf4 Rc1 28. Rxc1 Qxc1 29. Ne2 Qa1 0-1

[Event "Florianopolis op 5th"]
[Site "Florianopolis"]
[Date "2019.01.24"]
[Round "5"]
[White "Jodorcovsky, Paulo Leonardo"]
[Black "Costa, Pedro Henrique"]
[Result "0-1"]
[WhiteElo "1722"]
[BlackElo "1978"]
[PlyCount "68"]
[EventDate "2019.01.21"]
[EventType "swiss"]
[EventRounds "10"]
[EventCountry "BRA"]
[SourceTitle "EXT 2020"]
[Source "ChessBase"]
[SourceDate "2019.10.17"]
[SourceVersion "1"]
[SourceVersionDate "2019.10.17"]
[SourceQuality "1"]

1. d4 Nf6 2. c4 e5 3. dxe5 Ng4 4. Bf4 Nc6 5. Nf3 Bb4+ 6. Nbd2 Qe7 7. e3 Ngxe5 8. Nxe5 Nxe5 9. a3 Bxd2+ 10. Qxd2 d6 11. Be2 Bd7 12. 0-0 g5 13. Bxe5 Qxe5 14. Qd4 h5 15. Rad1 Qxd4 16. Rxd4 0-0-0 17. Rfd1 Be6 18. Bf3 c5 19. Rxd6 Rxd6 20. Rxd6 Bxc4 21. Be4 Kc7 22. Rd2 h4 23. f3 Rd8 24. Rxd8 Kxd8 25. Kf2 a5 26. Ke1 Ke7 27. Kd2 b5 28. Kc2 a4 29. g3 Kd6 30. gxh4 gxh4 31. h3 Bd5 32. Kd3 c4+ 33. Kc2 Bxe4+ 34. fxe4 Ke5 0-1